Výchova a vzdelávanie k dobrovoľníctvu v základných a stredných školách
Gespeichert in:
| 1. Verfasser: | |
|---|---|
| Format: | Buch |
| Sprache: | Slowakisch |
| Veröffentlicht: |
Bratislava
Centrum vedecko-technických informácií SR
2021
|
| Schlagworte: | |
| Tags: |
Keine Tags, Fügen Sie das erste Tag hinzu!
|
MARC
| LEADER | 00000nam a2200000 4500 | ||
|---|---|---|---|
| 001 | 0279157 | ||
| 005 | 20240221115212.2 | ||
| 020 | |a 978-80-89965-83-0 | ||
| 041 | 0 | |a slo | |
| 044 | |a SK | ||
| 245 | 1 | 0 | |a Výchova a vzdelávanie k dobrovoľníctvu v základných a stredných školách |c Mária Janková |
| 264 | 1 | |a Bratislava |b Centrum vedecko-technických informácií SR |c 2021 | |
| 300 | |a 45 s. | ||
| 610 | 2 | 0 | |a výchova |
| 610 | 2 | 0 | |a vzdelávanie |
| 610 | 2 | 0 | |a dobrovoľníctvo |
| 610 | 2 | 0 | |a školy základné |
| 610 | 2 | 0 | |a školy stredné |
| 610 | 2 | 0 | |a Slovensko |
| 100 | 1 | |a Janková, Mária | |